[Event "1st League TCh-SCG"]
[Site "Budva SCG"]
[Date "2003.09.02"]
[Round "5"]
[White "Aleksandrov,A"]
[Black "Lajthajm,B"]
[Result "1-0"]
[WhiteElo "2659"]
[BlackElo "2422"]

1.d4 d5 2.c4 c6 3.Nc3 Nf6 4.e3 e6 5.Nf3 Nbd7 6.Qc2 dxc4 7.Bxc4 b5 8.Bd3 a6
9.Ne4 Bb7 10.O-O Qb6  1-0

[Event "1st League TCh-SCG"]
[Site "Budva SCG"]
[Date "2003.09.03"]
[Round "6"]
[White "Pavlovic,Mi"]
[Black "Kalezic,B"]
[Result "1-0"]
[WhiteElo "2569"]
[BlackElo "2430"]

1.Nf3 d5 2.d4 c6 3.c4 e6 4.e3 Nf6 5.Nc3 Nbd7 6.Qc2 Bd6 7.b3 O-O 8.Be2 dxc4
9.bxc4 e5 10.O-O Qe7 11.Rd1 Re8 12.a4 e4 13.Nd2 Nf8 14.Qb3 Qc7 15.Nf1 Ng4
16.Ng3 Bxg3 17.fxg3 h5 18.Rf1 Ng6 19.Qd1 Bd7 20.Bd2 Rad8 21.Qe1 Bc8 22.h3 Nf6
23.Bd1 Be6 24.Rxf6 gxf6 25.Nxe4 Kg7 26.c5 Bxh3 27.Nd6 Bg4 28.Nxe8+ Rxe8 29.Bc2 Rh8
30.Qf2 h4 31.Rf1 f5 32.Be1 hxg3 33.Qxg3 Qd7 34.Qd6 Qe8 35.e4 Rh5 36.d5 f4
37.Bc3+ Kg8 38.Qf6 Qf8 39.dxc6 bxc6 40.Bb3 Rh6 41.Qg5 Kh7 42.Rf2 f5 43.Be6 Nh4
44.exf5 Bxf5 45.Bxf5+ Nxf5 46.Qxf4 Rh5 47.g4 Rh3 48.Be5  1-0

[Event "12th Monarch Assurance"]
[Site "Port Erin IOM"]
[Date "2003.09.03"]
[Round "7"]
[White "Fridman,D2"]
[Black "Sandipan,C"]
[Result "1/2-1/2"]
[WhiteElo "2592"]
[BlackElo "2469"]

1.d4 d5 2.c4 e6 3.Nc3 c6 4.e3 Nf6 5.Nf3 Nbd7 6.Qc2 Bd6 7.b3 O-O 8.Be2 a6
9.O-O e5 10.cxd5 cxd5 11.dxe5 Nxe5 12.Bb2 Bg4 13.Nxe5 Bxe5 14.Bxg4 Nxg4 15.h3 Nf6
16.Ne2 Rc8 17.Qb1 Qe7 18.Bxe5 Qxe5 19.Nd4 Rc7 20.Qf5 Qxf5 21.Nxf5 g6 22.Nd4 Rfc8
23.a4 Ne4 24.Rfd1 Nc3 25.Rdc1 Ne4 26.Rd1 Nc3 27.Re1 Ne4 28.g4 Nc5 29.Red1 Ne6
30.Rab1 Rc3 31.Kf1 Nc5 32.Ne2 Rxb3 33.Rbc1 a5 34.Nf4 Rc6 35.Nxd5 Kf8 36.Rc4 Ne6
37.Rxc6 bxc6 38.Nf6 Rb4 39.f4 Rxa4 40.g5 Ra2 41.Nxh7+ Kg7 42.Nf6 Rh2 43.Rd6 a4
44.Rxc6 a3 45.Rc8 Nf8 46.Ne8+  1/2-1/2

[Event "56th ch-RUS"]
[Site "Krasnoyarsk RUS"]
[Date "2003.09.04"]
[Round "2"]
[White "Klimov,S"]
[Black "Filippov,Va"]
[Result "1/2-1/2"]
[WhiteElo "2512"]
[BlackElo "2630"]

1.d4 d5 2.c4 e6 3.Nc3 c6 4.e3 Nf6 5.Nf3 Nbd7 6.Bd3 dxc4 7.Bxc4 b5 8.Bd3 a6
9.e4 c5 10.d5 Qc7 11.O-O Bb7 12.dxe6 fxe6 13.Bc2 Bd6 14.Ng5 Nf8 15.f4 O-O-O
16.Qe2 h6 17.Nf3 Bxf4 18.e5 Bxf3 19.Rxf3 Bxe5 20.a4 b4 21.Qxa6+ Kb8 22.Be3 Bd4
23.Bxd4 cxd4 24.Rxf6 dxc3 25.Rf2 cxb2 26.Rb1 Rd4 27.Bd1 Nd7 28.Rfxb2 Qc5
29.Kh1 e5 30.Be2 Nf6 31.Bb5 Rc8 32.Bf1 Nd5 33.Qg6 Qe7 34.Re1 Qe8 35.Qg3 Rc3
36.Qxe5+ Qxe5 37.Rxe5 Kc7 38.Kg1 Kd6 39.Re1 b3 40.a5 Kc5 41.Ra1 Kb4 42.a6 Rc2
43.a7 Nc7 44.a8=Q Nxa8 45.Rxb3+ Kxb3 46.Rxa8 g5 47.Ra6 Rc1 48.Rxh6 Rf4 49.Rh3+ Kb4
50.Rf3 Rxf3 51.gxf3 Kc3 52.Kf2 Kd4 53.Bh3 Ke5 54.Bg4 Kf4 55.Kg2 Rc2+ 56.Kg1  1/2-1/2

[Event "Polish Extraleague"]
[Site "Lubniewice POL"]
[Date "2003.09.04"]
[Round "6"]
[White "Schmidt,Wl"]
[Black "Cyborowski,L"]
[Result "0-1"]
[WhiteElo "2406"]
[BlackElo "2550"]

1.d4 d5 2.c4 c6 3.Nf3 Nf6 4.Nc3 e6 5.e3 Nbd7 6.Qc2 Bd6 7.Bd3 O-O 8.O-O dxc4
9.Bxc4 a6 10.Rd1 Qe7 11.h3 c5 12.a4 b6 13.b3 Bb7 14.Qe2 e5 15.dxc5 Nxc5 16.Bb2 e4
17.Nd4 Qe5 18.g3 Rad8 19.Rd2 Qg5 20.Rad1 Bc7 21.Qe1 h5 22.Nde2 Rxd2 23.Rxd2 h4
24.Nf4 hxg3 25.fxg3 Nd3 26.Bxd3 exd3 27.Rxd3 Re8 28.Qf2 b5 29.axb5 axb5 30.b4 Qf5
31.g4 Qh7 32.Qf1 Nxg4 33.Nd1 Bxf4 34.exf4 Qe4  0-1

[Event "56th ch-RUS"]
[Site "Krasnoyarsk RUS"]
[Date "2003.09.05"]
[Round "3"]
[White "Khairullin,I"]
[Black "Bocharov,D"]
[Result "1/2-1/2"]
[WhiteElo "2445"]
[BlackElo "2526"]

1.d4 d5 2.c4 c6 3.Nf3 Nf6 4.Nc3 e6 5.e3 Nbd7 6.Qc2 Bd6 7.b3 O-O 8.Be2 b6
9.O-O Bb7 10.Bb2 Qe7 11.e4 dxe4 12.Nxe4 Nxe4 13.Qxe4 f5 14.Qh4 Nf6 15.Ne5 c5
16.Bf3 cxd4 17.Bxb7 Qxb7 18.Bxd4 Qc7 19.Rfe1 Ne4 20.Nf3 Rad8 21.Rxe4 fxe4
22.Ng5 Bxh2+ 23.Qxh2 Qxh2+ 24.Kxh2 Rxd4 25.Nxe6 Rd2 26.Nxf8 Kxf8 27.Kg1 Kf7
28.Re1 Rd4 29.Re3 Kf6 30.f3 exf3 31.Rxf3+ Ke6 32.Rf8 Rd2 33.a4 h5 34.Rc8 g5
35.c5 Rc2 36.Ra8 bxc5 37.Rxa7 Kf5 38.Kf1 g4 39.a5 g3 40.Rf7+ Ke4 41.a6 Kd3
42.Rd7+ Kc3 43.a7 Rf2+ 44.Ke1 Ra2 45.Rc7  1/2-1/2

[Event "ch-Nordic"]
[Site "Aarhus DEN"]
[Date "2003.09.06"]
[Round "1"]
[White "Schandorff,L"]
[Black "Gausel,E"]
[Result "1/2-1/2"]
[WhiteElo "2525"]
[BlackElo "2533"]

1.d4 d5 2.c4 c6 3.Nf3 Nf6 4.Nc3 e6 5.e3 a6 6.b3 Bb4 7.Bd2 Nbd7 8.Bd3 O-O
9.O-O Qe7 10.Ne2 Bxd2 11.Qxd2 e5 12.Nxe5 Nxe5 13.dxe5 Qxe5 14.cxd5 Qxd5 15.Rad1 Bf5
16.Nc3 Qxd3 17.Qxd3 Bxd3 18.Rxd3 b5 19.f3 Rfd8 20.Rfd1 Rxd3 21.Rxd3 Kf8 22.e4 Ke7
23.Kf2 Nd7 24.Rd2 Rc8 25.f4 f6 26.Ke3 Nb6 27.Ke2  1/2-1/2

[Event "56th ch-RUS"]
[Site "Krasnoyarsk RUS"]
[Date "2003.09.06"]
[Round "4"]
[White "Chernyshov,K"]
[Black "Popov,Val"]
[Result "0-1"]
[WhiteElo "2541"]
[BlackElo "2573"]

1.c4 e6 2.Nc3 d5 3.d4 c6 4.e3 Nf6 5.Nf3 Nbd7 6.Qc2 Bd6 7.Bd3 O-O 8.O-O dxc4
9.Bxc4 a6 10.e4 e5 11.Rd1 Qc7 12.h3 b5 13.Bf1 Bb7 14.Bg5 exd4 15.Bxf6 Nxf6
16.Rxd4 Bc5 17.Rd2 Nd7 18.Rc1 Rad8 19.b4 Bxb4 20.Nd5 Qa5 21.Nxb4 Qxb4 22.e5 Qe7
23.Bd3 g6 24.Re1 c5 25.Be4 Bxe4 26.Qxe4 c4 27.Qe3 Nc5 28.Qh6 f6 29.exf6 Qxf6
30.Rc2 Nd3 31.Re4 Rde8 32.Rd4 Qg7 33.Qxg7+ Kxg7 34.a4 Re7 35.Rd6 Rf6 36.Rd8 Nb4
37.Rc1 Nc6 38.Rc8 Na7 39.Rd8 Nc6 40.Rc8 Rd6 41.Kh2 h6 42.h4 Nd4 43.Nxd4 Rxd4
44.Kg3 Rb7 45.Rc6 h5 46.axb5 axb5 47.f3 Kf7 48.Ra1 b4 49.Raa6 b3 50.Rf6+ Ke8
51.Rae6+ Kd8 52.Rf8+ Kc7 53.Rf7+ Kb8  0-1

[Event "Polish Extraleague"]
[Site "Lubniewice POL"]
[Date "2003.09.06"]
[Round "8"]
[White "Schmidt,Wl"]
[Black "Czerwonski,A"]
[Result "1/2-1/2"]
[WhiteElo "2406"]
[BlackElo "2373"]

1.d4 d5 2.c4 e6 3.Nc3 Nf6 4.Nf3 c6 5.e3 Nbd7 6.Qc2 Bd6 7.Bd3 O-O 8.O-O Qe7
9.c5 Bc7 10.e4 dxe4 11.Nxe4 Nxe4 12.Bxe4 h6 13.Re1 Nf6 14.Bd3 b6 15.b4 a5
16.cxb6 Bxb6 17.bxa5 Bxa5  1/2-1/2

[Event "1st League TCh-SCG"]
[Site "Budva SCG"]
[Date "2003.09.08"]
[Round "10"]
[White "Aleksandrov,A"]
[Black "Goloshchapov,A"]
[Result "1-0"]
[WhiteElo "2659"]
[BlackElo "2574"]

1.d4 d5 2.c4 e6 3.Nc3 c6 4.e3 Nf6 5.Nf3 Nbd7 6.Qc2 Bd6 7.g4 Nxg4 8.Rg1 f5
9.h3 Ngf6 10.Rxg7 Ne4 11.Bd2 Nf8 12.Rg2 Ng6 13.O-O-O Bd7 14.Bd3 Nh4 15.Nxh4 Qxh4
16.cxd5 exd5 17.Rdg1 Qxh3 18.f4 Qh6 19.Be1 Nxc3 20.bxc3 Rf8 21.c4 O-O-O 22.cxd5 Kb8
23.Rh2 Ba3+ 24.Kb1 Qd6 25.Qb3 h6 26.Rg7 cxd5 27.Rh7  1-0

[Event "1st League TCh-SCG"]
[Site "Budva SCG"]
[Date "2003.09.08"]
[Round "10"]
[White "Nestorovic,De"]
[Black "Benderac,S"]
[Result "1-0"]
[WhiteElo "2424"]
[BlackElo "2345"]

1.d4 d5 2.c4 c6 3.e3 Nf6 4.Nc3 e6 5.Nf3 Nbd7 6.Bd3 dxc4 7.Bxc4 b5 8.Bd3 b4
9.Ne4 Bb7 10.Nxf6+ Nxf6 11.e4 Be7 12.O-O c5 13.e5 Nd7 14.dxc5 a6 15.Qe2 Nxc5
16.Bc2 Rc8 17.Rd1 Qc7 18.Rd4 a5 19.h4 Ba6 20.Qd1 Rd8 21.Bg5 h6 22.Ba4+ Nxa4
23.Qxa4+ Kf8 24.Rc1 Qb6 25.Rxd8+ Bxd8 26.Bxd8 Qxd8 27.Qc6 g5 28.Qxa6 Kg7
29.Qc4  1-0

[Event "1st Misr Closed"]
[Site "Cairo EGY"]
[Date "2003.09.08"]
[Round "9"]
[White "Adly,A"]
[Black "El Gindy,E"]
[Result "1-0"]
[WhiteElo "2429"]
[BlackElo "2498"]

1.d4 Nf6 2.c4 c6 3.Nf3 d5 4.Nc3 e6 5.e3 Nbd7 6.Qc2 Bd6 7.g4 Bb4 8.Rg1 Qe7
9.g5 Ne4 10.Bd2 Nxd2 11.Qxd2 O-O 12.a3 Ba5 13.cxd5 exd5 14.Bd3 Rd8 15.h4 Nf8
16.h5 c5 17.g6 fxg6 18.hxg6 h6 19.O-O-O cxd4 20.exd4 Bxc3 21.Qxc3 Bg4 22.Rxg4 Rac8
23.Qxc8 Rxc8+ 24.Kb1 Qf6 25.Ne5 Ne6 26.Re1 h5 27.Rg3 Nf4 28.Bc2 h4 29.Rf3 Rxc2
30.Kxc2 Qg5 31.Kc3 Nxg6 32.Nd3 Qg4 33.Ree3 Qc8+ 34.Kd2 Qc4 35.Re6 Kh7 36.Rxg6 Qxd4
37.Rg1 Qe4 38.Rf4 Qe7 39.Rfg4 h3 40.Rh1  1-0

[Event "56th ch-RUS"]
[Site "Krasnoyarsk RUS"]
[Date "2003.09.08"]
[Round "5"]
[White "Vorobiov,E"]
[Black "Smirnov,P"]
[Result "1/2-1/2"]
[WhiteElo "2547"]
[BlackElo "2629"]

1.d4 d5 2.c4 c6 3.Nc3 Nf6 4.Nf3 e6 5.e3 Nbd7 6.Qc2 Bd6 7.g4 Bb4 8.Bd2 Qe7
9.Bd3 e5 10.cxd5 Bxc3 11.Bxc3 e4 12.dxc6 exd3 13.cxd7+ Qxd7 14.Qb3 Qxg4 15.Qd1 Qe4
16.Rg1 O-O 17.Nd2 Qd5 18.Qf3 Bf5 19.Qxd5 Nxd5 20.Nc4 Rfd8 21.Na5 Rdc8 22.Kd2 b6
23.Nb3 b5 24.Rg5 g6 25.Rxf5 gxf5 26.Kxd3 f6 27.a4 b4 28.Bd2 a5 29.f3 Nb6
30.Nc5 Kf7 31.e4 Rd8 32.Bf4 Ra7 33.d5 fxe4+ 34.fxe4 f5 35.d6 Rc7 36.Kd4 fxe4
37.Rf1 Kg6 38.Nxe4 Rc4+ 39.Kd3 Re8 40.Be3 Rcxe4 41.Bxb6 R4e6 42.Bc7 Re3+
43.Kc4 R8e4+ 44.Kd5 Re5+ 45.Kc6 Rd3 46.Rf2 Rd4 47.Bd8 b3 48.Rf6+ Kg7 49.Rf3 Rc4+
50.Kd7 Kg6 51.Rxb3 Rxa4 52.Be7 Rd5 53.Rg3+ Kh5 54.Ke6 Rad4 55.h3 Rd2 56.b3 h6
57.Rf3 R5d4 58.Rf5+ Kg6 59.Rf6+ Kh7 60.h4 Re4+ 61.Kf7 Rxh4 62.Rg6 Rf4+ 63.Bf6 h5
64.Rg7+ Kh6  1/2-1/2

[Event "TCh-CRO"]
[Site "Rabac CRO"]
[Date "2003.09.09"]
[Round "3"]
[White "Hulak,K"]
[Black "Pavasovic,D"]
[Result "1/2-1/2"]
[WhiteElo "2557"]
[BlackElo "2596"]

1.Nf3 d5 2.d4 e6 3.c4 c6 4.e3 Nf6 5.Nc3 Nbd7 6.Be2 Bd6 7.O-O O-O 8.b3 b6
9.Bb2 Bb7 10.Rc1 Qe7 11.Qc2  1/2-1/2

[Event "14th ch-NATO"]
[Site "Hoevelte DEN"]
[Date "2003.09.10"]
[Round "3"]
[White "Helbig,M"]
[Black "Bieluszewski,P"]
[Result "1-0"]
[WhiteElo "2239"]
[BlackElo "2152"]

1.d4 d5 2.c4 c6 3.Nc3 Nf6 4.Nf3 e6 5.e3 Bd6 6.Qc2 Nbd7 7.cxd5 exd5 8.Bd3 h6
9.Bd2 a5 10.O-O O-O 11.Rfe1 Re8 12.h3 Nf8 13.e4 dxe4 14.Nxe4 Nxe4 15.Bxe4 Be6
16.Ne5 Bd5 17.Bxd5 cxd5 18.Qf5 Bxe5 19.dxe5 Re6 20.Rad1 Ng6 21.Bc3 b5 22.f4 b4
23.Bd2 Qb6+ 24.Be3 Qb7 25.Bd4 Rc8 26.Qg4 h5 27.Qf3 Rc2 28.g3 Nf8 29.f5 Rh6
30.h4 a4 31.Rf1 Qc6 32.Rde1 Qc4 33.Qe3 Qxa2 34.e6 fxe6 35.fxe6 Nxe6 36.Qxh6 gxh6
37.Rxe6 Qc4 38.Rg6+  1-0

[Event "56th ch-RUS"]
[Site "Krasnoyarsk RUS"]
[Date "2003.09.10"]
[Round "7"]
[White "Lastin,A"]
[Black "Ivanov,Se1"]
[Result "0-1"]
[WhiteElo "2634"]
[BlackElo "2556"]

1.d4 d5 2.c4 c6 3.Nc3 Nf6 4.e3 e6 5.Nf3 Nbd7 6.Bd3 dxc4 7.Bxc4 b5 8.Bd3 a6
9.e4 c5 10.d5 Qc7 11.O-O Bb7 12.dxe6 fxe6 13.Bc2 Bd6 14.Ng5 Nf8 15.f4 h6
16.e5 O-O-O 17.exd6 Rxd6 18.Qe2 hxg5 19.a4 b4 20.Ne4 Rd5 21.h3 gxf4 22.Bxf4 e5
23.Be3 Ne6 24.Nxf6 gxf6 25.Be4 Rd6 26.Bxb7+ Kxb7 27.Qf3+ Qc6 28.Qxc6+ Kxc6
29.Rxf6 Nd4 30.Rf2 c4 31.Re1 Kd5 32.Kh2 c3 33.bxc3 bxc3 34.g4 Rb6 35.g5 Rb2
36.Rc1 Rxf2+ 37.Bxf2 Kc4 38.Kg2 Ne2 39.Re1 c2 40.Be3  0-1

[Event "56th ch-RUS"]
[Site "Krasnoyarsk RUS"]
[Date "2003.09.10"]
[Round "7"]
[White "Yevseev,D"]
[Black "Zvjaginsev,V"]
[Result "1/2-1/2"]
[WhiteElo "2589"]
[BlackElo "2653"]

1.d4 d5 2.c4 c6 3.Nc3 Nf6 4.e3 e6 5.Nf3 a6 6.Bd3 dxc4 7.Bxc4 b5 8.Bd3 c5
9.a4 b4 10.Ne4 Nbd7 11.Nxf6+ Nxf6 12.dxc5 Bb7 13.O-O Bxc5 14.Qe2 Qd5 15.Rd1 Qh5
16.b3 O-O  1/2-1/2

[Event "14th ch-NATO"]
[Site "Hoevelte DEN"]
[Date "2003.09.11"]
[Round "5"]
[White "Nielsen,JM"]
[Black "Ludden,GJ"]
[Result "0-1"]
[WhiteElo "2111"]
[BlackElo "2269"]

1.d4 d5 2.c4 e6 3.Nc3 c6 4.e3 Nf6 5.Nf3 Nbd7 6.Bd2 Bd6 7.Qc2 O-O 8.Bd3 dxc4
9.Bxc4 e5 10.Ne2 exd4 11.Nexd4 Ne5 12.Nxe5 Bxe5 13.Nf3 Bd6 14.Rd1 Qe7 15.h3 Ne4
16.a3 Bf5 17.Qc1 Rad8 18.Nd4 Bg6 19.O-O Bb8 20.Ne2 Qd6 21.Qa1 Qh2+  0-1

[Event "TCh-CRO"]
[Site "Rabac CRO"]
[Date "2003.09.11"]
[Round "5"]
[White "Pinter,J"]
[Black "Rogic,D"]
[Result "1-0"]
[WhiteElo "2548"]
[BlackElo "2461"]

1.d4 d5 2.c4 c6 3.Nc3 Nf6 4.e3 e6 5.Nf3 Nbd7 6.Bd3 dxc4 7.Bxc4 b5 8.Bd3 a6
9.e4 c5 10.d5 Qc7 11.O-O Bb7 12.Re1 c4 13.Bf1 Bc5 14.Bg5 O-O 15.Bh4 Qb6 16.Re2 exd5
17.e5 Nh5 18.Nxd5 Qe6 19.Nc7 Qg4 20.h3 Qf5 21.Nxa8 Bxf3 22.gxf3 Nxe5 23.Bg2 Ng6
24.Qb1 Qd7 25.Qd1 Qf5 26.Qc2 Qxc2 27.Rxc2 Nxh4 28.Nc7 Nf4 29.Nxa6 Bb6 30.Bh1 Ra8
31.Re1 g5 32.Nb4 f6 33.Rd1 Bc5 34.Nd5 Nxh3+ 35.Kf1 Kf7 36.a3 Nf5 37.Kg2 Nxf2
38.Rxf2 Bxf2 39.Kxf2 h5 40.Nc3 Rb8 41.Rd5 Ke6 42.Rxb5 Rd8 43.Ne4 g4 44.fxg4 hxg4
45.Nc5+ Ke7 46.Ne4 Nd4 47.Rb7+ Ke6 48.Nc5+ Kd6 49.Ne4+ Ke6 50.Ke3 f5 51.Nc5+ Kf6
52.Nd7+  1-0

[Event "TCh-CRO"]
[Site "Rabac CRO"]
[Date "2003.09.11"]
[Round "5"]
[White "Shariyazdanov,A"]
[Black "Horvath,Cs1"]
[Result "1/2-1/2"]
[WhiteElo "2565"]
[BlackElo "2513"]

1.d4 d5 2.c4 e6 3.Nf3 Nf6 4.Nc3 c6 5.e3 a6 6.Bd3 dxc4 7.Bxc4 c5 8.Bd3 b5
9.dxc5 Bxc5 10.a4 bxa4 11.O-O Bb7 12.e4 Nbd7 13.Bf4 Nh5 14.Bg5 Be7  1/2-1/2

[Event "FSGM September"]
[Site "Budapest HUN"]
[Date "2003.09.12"]
[Round "7"]
[White "Bui Vinh"]
[Black "Banusz,T"]
[Result "1/2-1/2"]
[WhiteElo "2469"]
[BlackElo "2322"]

1.c4 c6 2.d4 d5 3.Nc3 Nf6 4.e3 e6 5.Nf3 Nbd7 6.Bd3 dxc4 7.Bxc4 b5 8.Bd3 Bb7
9.e4 b4 10.Na4 c5 11.e5 Nd5 12.O-O cxd4 13.Re1 g6 14.Bg5 Qa5 15.Nxd4 a6 16.Rc1 Bg7
17.Nf3 O-O 18.Bd2 Rac8 19.Rxc8 Rxc8 20.a3 Bc6 21.b3 Bxa4 22.axb4 Nxb4 23.bxa4 Nc5
24.Bf1 Qb6 25.Qb1 a5 26.Bb5 Nca6 27.h4 Nd5 28.Rc1 Rxc1+ 29.Qxc1 Nac7 30.h5 Nxb5
31.axb5 Qxb5 32.Qc8+ Bf8 33.hxg6 hxg6 34.Qa8 a4 35.Bh6 Qb4 36.Bxf8 Qxf8 37.Qxa4 Qb4
38.Qd1 Qe4 39.Qd2 Kg7 40.Qg5 Qf4  1/2-1/2

[Event "56th ch-RUS"]
[Site "Krasnoyarsk RUS"]
[Date "2003.09.12"]
[Round "9"]
[White "Evdokimov,Alexa"]
[Black "Sveshnikov,E"]
[Result "1/2-1/2"]
[WhiteElo "2432"]
[BlackElo "2561"]

1.d4 d5 2.c4 e6 3.Nf3 Nf6 4.Nc3 c6 5.e3 Nbd7 6.Qc2 Bd6 7.b3 O-O 8.Be2 b6
9.O-O Bb7 10.Rd1 Qe7 11.e4 Nxe4 12.Nxe4 dxe4 13.Qxe4 f5 14.Qh4 Nf6 15.Bf4 c5
16.Bxd6 Qxd6 17.dxc5 Qxc5 18.Qd4 Bxf3 19.Bxf3 Qxd4 20.Rxd4 Rad8 21.Rad1 Rxd4
22.Rxd4 Kf7 23.c5 Rc8 24.c6 e5 25.Rc4 Ke6 26.g4 e4 27.g5 b5 28.Rc1 exf3 29.gxf6 Kxf6
30.h4 Ke6 31.Kh2 Kd6 32.Rd1+ Kxc6 33.Kg3 Re8 34.Kxf3 a5 35.Rg1 g6 36.h5 Re6
37.Kf4 Kc5 38.a3 Kd4 39.Rc1 Re2 40.f3 Rh2 41.hxg6 hxg6 42.Rc6 Ra2 43.a4 b4
44.Rxg6 Kc3 45.Ra6 Kxb3 46.Rxa5 Rxa4 47.Rxf5 Ka3 48.Rd5 b3+ 49.Ke5 b2 50.Rd1 Kb3
51.Rb1 Ra5+ 52.Ke6 Kc2 53.Rxb2+ Kxb2 54.f4 Kc3 55.f5 Kd4 56.f6 Ra6+ 57.Ke7 Ke5
58.f7 Ra7+ 59.Ke8 Ke6 60.f8=N+ Kd6 61.Ng6 Rd7 62.Nf8 Re7+ 63.Kd8 Re1 64.Ng6 Re2
65.Nf8 Re4 66.Ng6 Ke6 67.Nf8+ Kd6 68.Ng6 Re2 69.Nf8 Re3 70.Ng6 Ke6 71.Nf8+ Kf7
72.Nd7 Rc3 73.Ne5+ Ke6 74.Ng6 Rd3+ 75.Ke8 Rf3 76.Nf8+ Kd6 77.Ng6 Rf5 78.Nf8 Rf6
79.Nd7 Re6+ 80.Kd8 Re7 81.Nb6 Rb7 82.Nc8+ Ke6 83.Ke8 Rc7 84.Kd8 Rd7+ 85.Ke8 Rd1
86.Ne7 Rh1  1/2-1/2

[Event "ProMoPro Open"]
[Site "Prague CZE"]
[Date "2003.09.12"]
[Round "7"]
[White "Neuman,P"]
[Black "Stross,F"]
[Result "0-1"]
[WhiteElo "2438"]
[BlackElo "2229"]

1.d4 d5 2.c4 c6 3.e3 Nf6 4.Nc3 e6 5.Nf3 Nbd7 6.Bd3 dxc4 7.Bxc4 b5 8.Bd3 Bb7
9.e4 b4 10.Na4 c5 11.e5 Nd5 12.Ng5 Be7 13.Qh5 g6 14.Qh6 cxd4 15.Qg7 Rf8 16.Nxh7 Qa5
17.b3 Nc3 18.Bf4 Bxg2 19.Rg1 Qd5 20.Nxc3 bxc3 21.O-O-O Be4 22.f3 Bxd3 23.Rxd3 Nc5
24.Qxf8+ Bxf8 25.Nf6+ Kd8 26.Nxd5 Nxd3+ 27.Kc2 Nb2 28.Bg5+ Kd7 29.Nf6+ Kc6
30.Rg4 Rd8 31.Nh7 Bb4 32.Bxd8 d3+ 33.Kb1 c2+ 34.Kxb2 Ba3+ 35.Kxa3 c1=Q+ 36.Ka4 d2
37.Bg5 Qc2 38.Bxd2 Qxa2+ 39.Kb4 Qxd2+ 40.Ka4 Qa2+  0-1

[Event "ch-Nordic"]
[Site "Aarhus DEN"]
[Date "2003.09.14"]
[Round "8"]
[White "Stefansson,H"]
[Black "Palo,D"]
[Result "1/2-1/2"]
[WhiteElo "2560"]
[BlackElo "2510"]

1.c4 c6 2.d4 d5 3.Nc3 Nf6 4.e3 e6 5.Nf3 Nbd7 6.Qc2 Bd6 7.g4 h6 8.Bd2 Qe7
9.Rg1 b6 10.cxd5 exd5 11.Bd3 c5 12.dxc5 bxc5 13.O-O-O Bb7 14.h4 Ne4 15.Be1 Kf8
16.Bxe4 dxe4 17.Nd2 Nf6 18.Nc4 Bh2 19.Rg2 Bc7 20.Nb5 Nd5 21.Nxc7 Qxc7 22.Na5 Ne7
23.Nxb7 Qxb7 24.Bc3 Re8 25.Rd6 Nd5 26.g5 Nxc3 27.Qxc3 Qb5 28.Rg1 Qb4 29.g6 Qxc3+
30.bxc3 fxg6 31.Rdxg6 Re7 32.Rc6 Kf7 33.Rxc5 Rb8 34.Rg4 Rb6 35.Rc4 Reb7 36.Rf4+ Kg6
37.Rcxe4 Rb2 38.a4 Ra2 39.Rb4 Rc7 40.Rb3 Kh5 41.Kb1 Re2 42.Rb2 Re1+ 43.Kc2 Re2+
44.Kb1 Re1+ 45.Ka2 Rxc3 46.Rb5+ g5 47.hxg5 hxg5 48.Rff5 Re2+ 49.Rb2 Rxb2+
50.Kxb2 Rd3 51.Kc1 Kg4 52.Rf7 a6 53.Rf6 a5 54.Ra6 Rd5 55.Kc2 Rf5 56.Kd3 Rxf2
57.Rxa5 Rf8 58.e4 Kh4 59.Rf5 Rg8 60.a5 g4 61.Ke2 g3 62.Kf1 Re8 63.Rf4+ Kg5
64.Rf3 Kg4 65.Re3 Kf4  1/2-1/2

[Event "ch-Nordic"]
[Site "Aarhus DEN"]
[Date "2003.09.14"]
[Round "8"]
[White "Schandorff,L"]
[Black "Agrest,E"]
[Result "1/2-1/2"]
[WhiteElo "2525"]
[BlackElo "2605"]

1.d4 d5 2.c4 c6 3.Nf3 Nf6 4.Nc3 e6 5.e3 a6 6.b3 Bb4 7.Bd2 Bd6 8.Bd3 c5 9.O-O O-O
10.Qe2 Nc6 11.Rac1 cxd4 12.exd4 h6 13.Be3 Re8 14.Rfd1 Bd7 15.h3 Qe7 16.Qd2 Qf8
17.Bf4 dxc4 18.Bxd6 Qxd6 19.bxc4 Rad8 20.Qe3 Kf8 21.Bb1 Bc8 22.Ne4 Nxe4 23.Qxe4 f5
24.Qc2 Qe7 25.Qb2 Qb4 26.Qe2 Qe7 27.Bc2 Bd7 28.Re1 Qf6 29.Qe3 Kg8 30.Rcd1 Kh8
31.Ba4 Nb8 32.Bxd7 Nxd7 33.Rb1 Rb8 34.c5 Qd8 35.Qb3 Nf8 36.Re2 Kh7 37.Reb2 Ng6
38.Qb6 Qd5 39.Qa7 Rg8 40.Rxb7 Ra8 41.Qb6 Qxa2 42.Qd6 Rad8 43.Qg3 Qd5 44.Qc7 Rc8
45.Qd7 Qxd7 46.Rxd7 e5 47.Nxe5  1/2-1/2

[Event "TCh-CRO"]
[Site "Rabac CRO"]
[Date "2003.09.14"]
[Round "8"]
[White "Horvath,Cs1"]
[Black "Pinter,J"]
[Result "1/2-1/2"]
[WhiteElo "2513"]
[BlackElo "2548"]

1.d4 Nf6 2.Nf3 d5 3.c4 e6 4.Nc3 c6 5.e3 Nbd7 6.Bd3 dxc4 7.Bxc4 b5 8.Bd3 Bb7
9.e4 b4 10.Na4 c5 11.e5 Nd5 12.Nxc5 Nxc5 13.dxc5 Bxc5 14.O-O h6 15.Nd2 O-O
16.Ne4 Bd4 17.Nd6 Bc6 18.Bh7+ Kxh7 19.Qxd4 f6 20.Bd2 fxe5 21.Qe4+ Kg8 22.Qxe5 Qd7  1/2-1/2

[Event "2nd Masters"]
[Site "Villeurbanne FRA"]
[Date "2003.09.14"]
[Round "3"]
[White "Berube,R"]
[Black "Thiriet,B"]
[Result "1/2-1/2"]
[WhiteElo "2305"]
[BlackElo "2173"]

1.d4 d5 2.c4 c6 3.Nc3 Nf6 4.Nf3 e6 5.e3 Nbd7 6.Qc2 Bd6 7.b3 Qe7 8.Be2 O-O
9.O-O b6 10.Bb2 Bb7 11.e4 dxe4 12.Nxe4 Ba3 13.Nxf6+ Nxf6 14.Rad1 Bxb2 15.Qxb2 c5
16.Ne5 Rac8 17.Bf3 cxd4 18.Bxb7 Qxb7 19.Rxd4 Rc5 20.Qe2 a5 21.Rfd1 Qc7 22.Nd3 Rh5
23.Nf4 Re5 24.Qd3 h6 25.Ne2 Rh5 26.Ng3 Re5 27.h3 Qb7 28.Rd8 Rxd8 29.Qxd8+ Kh7
30.Qd3+ Kg8 31.Qd8+ Kh7 32.Qd3+ Kg8 33.Qc2 Qc7 34.Qd2 Kh7 35.Nf1 Ne4 36.Qf4 Qc5
37.Ne3 Nxf2 38.Qxf2 Rxe3 39.Rf1 f5 40.Kh1 Qd4 41.Qc2 Qe4 42.Qxe4 fxe4 43.Kg1 Kg6
44.Rf4 Re2 45.Rf2 Re1+ 46.Rf1 Re3 47.Rf4 Kg5 48.Rg4+ Kf5 49.Rxg7 Re1+ 50.Kf2 Ra1
51.g4+ Kf4 52.Rf7+ Ke5 53.Rb7 Kf4 54.Rf7+ Ke5 55.Rb7  1/2-1/2

[Event "EYb16"]
[Site "Budva YUG"]
[Date "2003.09.17"]
[Round "5"]
[White "Shelajev,O"]
[Black "Nithander,V"]
[Result "1-0"]
[WhiteElo "2029"]
[BlackElo "2225"]

1.d4 d5 2.c4 c6 3.Nc3 Nf6 4.Nf3 e6 5.e3 Nbd7 6.Bd3 dxc4 7.Bxc4 b5 8.Bd3 a6
9.e4 c5 10.d5 c4 11.dxe6 fxe6 12.Bc2 Bb7 13.Qe2 Qc7 14.O-O O-O-O 15.Rd1 Be7
16.Be3 Nc5 17.Bd4 Nfd7 18.e5 Rhf8 19.a4 b4 20.Ne4 Bd5 21.Ned2 Qc6 22.Rac1 g5
23.Nxc4 g4 24.Ne1 Rf4 25.Ne3 Nf6 26.g3 Rxd4 27.Rxd4 Nb3 28.Bxb3 Qxc1 29.Nxd5 exd5
30.Bxd5 Kb8 31.Rc4 Qa1 32.Qe3 Nd7 33.Kg2 Qxa4 34.Rc7 Bc5 35.Rxc5 Nxc5 36.Qxc5 Qb5
37.Qxb5+ axb5 38.Bf7 Kc7 39.b3 Rd2 40.Be6 h5 41.h3 gxh3+ 42.Bxh3 Kd8 43.Nf3 Rd3
44.Be6 Ke7 45.Ng5 Rd2 46.Kf3 Rc2 47.Ke3 Rc3+ 48.Ke4 Rc2 49.f4 Re2+ 50.Kf3 Re1
51.Kf2 Ra1 52.f5 Kf8 53.f6 Ra7 54.Bd5 Rd7 55.e6 Rxd5 56.Nh7+  1-0

[Event "3rd ch-Euro Senior"]
[Site "Saint Vincent ITA"]
[Date "2003.09.17"]
[Round "1"]
[White "Jakobsen,O"]
[Black "Krasevec,V"]
[Result "1/2-1/2"]
[WhiteElo "2381"]
[BlackElo "2026"]

1.d4 d5 2.Nf3 Nf6 3.c4 e6 4.Nc3 c6 5.e3 Nbd7 6.Bd3 dxc4 7.Bxc4 b5 8.Bd3 a6
9.a4 Bb7 10.O-O b4 11.Nb1 a5 12.Nbd2 Be7 13.e4 O-O 14.Qe2 c5 15.e5 Ne8 16.Ne4 cxd4
17.Rd1 Qb6 18.Bg5 f6 19.exf6 gxf6 20.Bh6 Ng7 21.Nxd4 Ne5 22.Bxg7 Kxg7 23.Ng5 Bd5
24.Ngf3 Nxd3 25.Qxd3 Bc5 26.Qb5 Rfd8 27.Qxb6 Bxb6 28.Kf1 Kf7 29.Rac1 Rac8
30.Ke2 Bc4+ 31.Ke1  1/2-1/2

[Event "GM"]
[Site "Ansfelden AUT"]
[Date "2003.09.18"]
[Round "7"]
[White "Stanec,N"]
[Black "Lau,R"]
[Result "1/2-1/2"]
[WhiteElo "2560"]
[BlackElo "2505"]

1.Nf3 d5 2.c4 c6 3.e3 Nf6 4.d4 e6 5.Nc3 Nbd7 6.Qc2 b6 7.cxd5 exd5 8.Bd3 Bb7
9.O-O Be7 10.Bd2 O-O 11.Ne5  1/2-1/2

[Event "3rd ch-Euro Senior"]
[Site "Saint Vincent ITA"]
[Date "2003.09.20"]
[Round "4"]
[White "Kraidman,Y"]
[Black "Gousseinov,A"]
[Result "1-0"]
[WhiteElo "2319"]
[BlackElo "2111"]

1.d4 Nf6 2.c4 e6 3.Nf3 d5 4.Nc3 c6 5.e3 Bd6 6.Qc2 Nbd7 7.cxd5 exd5 8.Bd3 h6
9.O-O O-O 10.Bd2 Re8 11.Rfe1 Nf8 12.h3 Bc7 13.Rac1 Ne6 14.Ne5 Ng5 15.f4 Nge4
16.Re2 Bf5 17.g4 Nxc3 18.bxc3 Bxd3 19.Qxd3 Ne4 20.Be1 Bxe5 21.dxe5 b5 22.Qd4 f6
23.exf6 Qxf6 24.a4 a6 25.Ra1 Nd6 26.Qxf6 gxf6 27.Kg2 Nc4 28.Kf3 Kf7 29.e4 dxe4+
30.Rxe4 Rxe4 31.Kxe4 Nb6 32.axb5 cxb5 33.Bf2 Na4 34.Bd4 Rc8 35.Kd3 Rg8 36.Ke4 Rc8
37.Kd3 Rc6 38.Ra2 Kg6 39.Re2 Kf7 40.f5 Nb6 41.Re6  1-0

[Event "EYb18"]
[Site "Budva YUG"]
[Date "2003.09.21"]
[Round "8"]
[White "Miljkovic,Mir"]
[Black "Kharitonov,Alexa"]
[Result "0-1"]
[WhiteElo "2414"]
[BlackElo "2437"]

1.d4 d5 2.c4 c6 3.Nf3 Nf6 4.Nc3 e6 5.e3 Nbd7 6.Bd3 dxc4 7.Bxc4 b5 8.Bd3 Bd6
9.O-O O-O 10.e4 e5 11.Bg5 exd4 12.Nxd4 Ne5 13.Be2 h6 14.Bh4 a6 15.Qc2 c5
16.Nf5 Bxf5 17.exf5 Nc6 18.Rad1 Nd4 19.Qd3 Be5 20.f4 Nxe2+ 21.Qxe2 Bd4+ 22.Kh1 Re8
23.Qc2 Qb6 24.Rfe1 Qc6 25.Ne2 Be3 26.Bxf6 Qxf6 27.Ng3 Bxf4 28.Ne4 Qxf5 29.g3 Bg5
30.Qg2 Rad8 31.Ra1 c4 32.Re2 Re6 33.Rae1 Rde8 34.h4 Be7 35.g4 Qh7 36.Re3 Bxh4
37.R1e2 Qg6 38.Qf3 Bg5  0-1

[Event "TCh-FIN 2003-4"]
[Site "Finland FIN"]
[Date "2003.09.21"]
[Round "2"]
[White "Solozhenkin,E"]
[Black "Norri,J"]
[Result "1/2-1/2"]
[WhiteElo "2523"]
[BlackElo "2404"]

1.d4 Nf6 2.c4 e6 3.Nf3 d5 4.Nc3 c6 5.e3 Nbd7 6.Qc2 Bd6 7.Bd3 O-O 8.O-O dxc4
9.Bxc4 Qe7 10.Bd2 a6 11.a4 c5 12.dxc5 Bxc5 13.h3 b6 14.e4 Bd6 15.Rfe1 Ne5
16.Nxe5 Bxe5 17.Be3 Bb7 18.Bxb6 Rfc8 19.Bd3 Qb4 20.a5 Bxc3 21.bxc3 Rxc3 22.Reb1 Qc4
23.Bxc4 Rxc2 24.Bb3 Rc3 25.f3 Bc6 26.Bd4 Rd3 27.Bxf6 gxf6 28.Bc4 Rc3 29.Bf1 Rc5
30.Rb6 Bb5 31.Bxb5 Rxb5 32.Kf2 Rc5 33.Ra2  1/2-1/2